| 000 | 00729nam 2200181 4500 | ||
|---|---|---|---|
| 001 | 6070 | ||
| 090 | _a6070 | ||
| 100 | _a20190729k u||y0frey50 ba | ||
| 101 | _afre | ||
| 200 |
_aPlutonium, poumons et effets de proximité _bBrochure _fMaurice Eugène André _gAssociation Internationale pour la Protection contre les Rayonnements Ionisants |
||
| 210 |
_aVisé, Belgique _cMaurice Eugène André _d1996 |
||
| 215 |
_a9 p. et annexes _d30 cm. |
||
| 300 | _aRéédition avec annexes supplémentaires. | ||
| 606 |
_9648 _aNucléaire (Energie) |
||
| 606 |
_9353 _aSanté |
||
| 700 |
_96975 _aMaurice Eugène André |
||
| 712 |
_96974 _aAssociation Internationale pour la Protection contre les Rayonnements Ionisants |
||
| 801 |
_aCH _bCH-002049-8 |
||